000 00518nam a2200181Ia 4500
008 151018s9999 xx 000 0 und d
082 _bRBASDV22535
_a891.463
100 _aऊ ज शेळके
245 _aमनःपूत
250 _b1
260 _bपॉप्युलर प्रकाशन मुंबई
_c1990
300 _a342
600 _aऊ ज शेळके
630 _aमनःपूत
700 _aऊ ज शेळके
730 _aमनःपूत
942 _cBOOK
999 _c1022204
_d1022201